[Event "Ukhta Spring"]
[Site "Ukhta"]
[Date "2010.04.05"]
[Round "3"]
[White "Uliashov, Dmitriy"]
[Black "Kadyrov, Farit"]
[Result "1-0"]
[WhiteElo "2266"]
[BlackElo "1774"]
[PlyCount "73"]
[EventDate "2010.04.17"]
[EventType "tourn"]
[EventRounds "11"]
[EventCountry "RUS"]
[SourceTitle "EXT 2013"]
[Source "ChessBase"]
[SourceDate "2012.11.22"]
[SourceVersion "1"]
[SourceVersionDate "2012.11.22"]
[SourceQuality "1"]

1. d4 d5 2. Nf3 Nc6 3. Bg5 Nf6 4. e3 Bf5 5. c3 a6 6. Qb3 Rb8 7. Nbd2 Na5 8. Qa4+ c6 9. b4 Nc4 10. Nxc4 dxc4 11. Qa3 Ne4 12. Bf4 Ra8 13. Bxc4 e6 14. Qb2 Bd6 15. Be5 Nf6 16. 0-0 0-0 17. Rfe1 Be4 18. Nd2 Bg6 19. Bg3 Bxg3 20. hxg3 Qc7 21. Be2 e5 22. Nc4 e4 23. Rad1 Rfe8 24. a4 Rad8 25. Ne5 Bf5 26. c4 h5 27. c5 Ng4 28. Bxg4 hxg4 29. b5 Re6 30. bxc6 bxc6 31. Rb1 f6 32. Nc4 Re7 33. Qb6 Rd5 34. Qxc7 Rxc7 35. Rb6 Bc8 36. Nd6 Kf8 37. Rb8 1-0